LEADER 01449nam a2200313 i 4500 001 000000149302 003 CaOOAMICUS 005 20060329000000.0 008 060329s2005 be u000 u mul u 013 $a126622 020 $a90-429-1567-6 040 $aSeMil$bita 100 0 $aDionysius : bar Salibi,$c.$0(OLS)http://semarc/name/9833 245 12$aA response to the Arabs /$cDionysius Bar Salibi ; edited by Joseph P. Amar. 260 $aLovanii :$bPeeters,$c2005. 300 $aVIII, 142 p. ;$c25 cm. 490 0 $aCorpus Scriptorum Christianorum Orientalium ;$v614. 490 0 $aCorpus Scriptorum Christianorum Orientalium. Scriptores Syri ;$v238. 500 $aContiene : Testo in siriaco. 650 4$aManoscritti siriaci.$0(OLS)http://semarc/subject/26875 700 1 $aAmar, Joseph P.,$d<1946- >.$0(OLS)http://semarc/name/58982 830 0$aCorpus Scriptorum Christianorum Orientalium ;$v614.$0(OLS)http://semarc/title/77 830 0$aCorpus Scriptorum Christianorum Orientalium. Scriptores Syri ;$v238.$0(OLS)http://semarc/title/9544 850 $aSeMil 852 $aSeMil$W1$xVenegono$y1$m2S III 614$j101572$B101572$CSeMilBibl$Z2$F110206 $81 961 $aSottoscrizione: Peeters 996 $6020$a90-429-1567-6$9(OLS)http://semarc/number/138398 996 $6245$aA response to the Arabs$9(OLS)http://semarc/title/218251 996 $6260$aLovanii :$bPeeters$9(OLS)http://semarc/publisher/29749 LEADER 01029nam a2200241 i 4500 001 000000089697 003 CaOOAMICUS 005 20240912123724.0 008 080915s1981 it u000 u ita u 040 $aSeMil$bita 245 00$aRicerche storiche sulla Chiesa Ambrosiana 10 :$b(1981) 264 1$aMilano :$b[s.n.],$c1981. 300 $a396 p. ;$c25 cm. 490 1 $aArchivio Ambrosiano ;$v42. 490 1 $aRicerche storiche sulla Chiesa ambrosiana ;$v10 650 4$aMilano (Arcidiocesi) - Storia.$0(OLS)http://semarc/subject/1013 830 0$aArchivio Ambrosiano ;$v42.$0(OLS)http://semarc/title/254 830 0$aRicerche storiche sulla Chiesa ambrosiana ;$v10.$0(OLS)http://semarc/title/14878 850 $aSeMil 852 $aSeMil$W1$xVenegono$y1$m3TA A 42$j250764$B52755$CSeMilBibl$Z2$F57298 $81 996 $6245$aRicerche storiche sulla Chiesa Ambrosiana 10 :$b(1981)$9(OLS)http://semarc/title/135656 996 $6264$aMilano :$b[s.n.]$9(OLS)http://semarc/publisher/29709